| 000 | 00518nam a22001817a 4500 | ||
|---|---|---|---|
| 003 | URS | ||
| 005 | 20220114171711.0 | ||
| 008 | 170328b xxu||||| |||| 00| 0 eng d | ||
| 020 | _a0070708266 | ||
| 050 |
_aP90 _bW474 1995 |
||
| 100 |
_aWilson, Stan Le Roy _4author |
||
| 245 |
_aMass media / mass culture: _ban introduction _cStan Le Roy Wilson |
||
| 250 | _aThird Edition | ||
| 260 |
_aNew York: _bMcGraw-Hill Publishing, _c1995 |
||
| 300 |
_axvii, 428 pages; _c24 cm. |
||
| 650 | _a1.Mass media. | ||
| 942 |
_cFR _2lcc |
||
| 999 |
_c14534 _d14534 |
||